Responses for Show #8177 - Tuesday, March 10, 2020

Paul Trifiletti game 5.

Contestants

[<< previous game]

Lacey Davies, a casting assistant from New York, New York

Mark Nasielski, an electrical engineering student from Los Angeles, California

Paul Trifiletti, an attorney from Athens, Georgia (whose 4-day cash winnings total $83,801)

[next game >>]

Jeopardy! Round responses

LET THERE BE LIGHT
SECONDARY TITLES
YOU'RE IN MY HOUSE!
POET-POURRI
FOOTBALL
(Alex: Now last year we had some difficulty with the [*] category so we thought we would try it again but in this category, it deals entirely with referees' signals, and I'm going to be giving you three players the signals.)
STUDENT WORD LIST
    $200 1
waves

Mark
    $200 25
associate justices

Mark
    $200 20
Hefner

Mark
    $200 17
Emily Dickinson

Lacey
    $200 7
touchdown

Mark
    $200 12
an internship

Paul
    $400 2
a hologram

Mark
    $400 29
[The end-of-round signal sounds.]

vice chancellor

Mark
    $400 21
(Frank) Baum

Mark
    $400 18
Sonnets

Mark
    $400 8
holding

Paul
    $400 13
an apprentice

Paul
    $600 3
photosynthesis

Lacey
    $600 28
Miss America

Mark
    $600 22
(Bill) Gates

Mark
    $2,400 6
"America The Beautiful"

Mark
    $600 9
false start

Mark
    $600 14
an auditor

Paul
    $800 4
refraction

Mark
    $800 27
Deputy Secretary of State

Triple Stumper
    $800 23
DuPont

Mark
    $800 19
"Trees"

Triple Stumper
    $800 10
(Lacey: What is a foul?)
(Paul: What is a personal foul?)

fourth down

PaulLacey
Triple Stumper
    $800 15
Disciples

Lacey
    $1000 5
Opticks

Mark
    $1000 26
a lance corporal

Paul
    $1000 24
(Alex: Less than a minute now.)

Brigham Young

Triple Stumper
    $1000 11
(Mark: What is offsides?)
...
(Alex: All right, we got about half of them there.)
[Laughter]
(Mark: Better than usual.)

too many men on the field

Mark
Triple Stumper
    $1000 16
(Lacey: What is a Shiite?)

talib

Lacey
Triple Stumper

Scores at the first commercial break (after clue 15):

Paul Mark Lacey
$800 $4,600 $600

Scores at the end of the Jeopardy! Round:

Paul Mark Lacey
$1,800 $8,200 -$200

Double Jeopardy! Round responses

WHAT IS THAT?
THE COMICS
SHE'S A GODDESS!
THE END OF THE EMPEROR
BRR! IT'S COLD OUT THERE
LET ME "IN"!
(Alex: Each correct response will begin with "I-N".)
    $400 8
gas

Paul
    $400 1
Dilbert

Mark
    $400 9
Egypt

Paul
    $400 3
Augustus

Mark
    $400 23
Siberia

Mark
    $400 19
inflate

Lacey
    $800 14
frankincense & myrrh

Lacey
    $800 18
lasagna

Paul
    $800 10
Athena

Paul
    $3,200 4
poisoning

Mark
    $800 24
Antarctica

Mark
    $800 20
an incumbent

Paul
    $1200 15
(violin) bows

Mark
    $1200 28
Calvin and Hobbes

Paul
    $1200 11
Lakshmi

Lacey
    $1200 2
(Lacey: Who is Julius Caesar?)
(Mark: Who is Nero?)

Caligula

PaulMarkLacey
    $1200 25
Alaska

Mark
    $1200 7
(Mark: What is counting?)

integers

PaulMark
    $1600 16
Brittany

Triple Stumper
    $1600 29
[The end-of-round signal sounds.]

smell

Mark
    $1600 12
Flora

Triple Stumper
    $1600 5
(Paul: Who is Hadrian?)

Marcus Aurelius

Paul
Triple Stumper
    $2,000 26
(Mark: What is New York?)
...
(Alex: Less than a minute now.)

Montana

Mark
    $1600 21
Indigo

Mark
    $2000 17
finger lime

Triple Stumper
    $2000 13
Frigg

Paul
    $2000 6
York

Mark
    $2000 27
the Yukon River

Paul
    $2000 22
intaglio

Paul

Scores at the end of the Double Jeopardy! Round:

Paul Mark Lacey
$13,000 $16,600 $1,000

[wagering suggestions for these scores]

Final Jeopardy! Round responses

19th CENTURY PLAYS
LaceyWhat is the Importance of being earnest
$1,000
PaulWhat is the Importance of being earnest?
$10,000
MarkWhat is Reason for Being?
$9,401
The Importance of Being Earnest

Final scores:

Paul Mark Lacey
$23,000 $7,199 $2,000
5-day champion: $106,801 2nd place: $2,000 3rd place: $1,000

Game dynamics:

Coryat scores:

Paul Mark Lacey
$13,000 $14,400 $1,000
16 R,
2 W
25 R
(including 2 DDs),
4 W
(including 1 DD)
6 R,
3 W

Combined Coryat: $28,400

[game clues] [game scores] [suggest correction]

Game tape date: 2020-01-14
The J! Archive is created by fans, for fans. Scraping, republication, monetization, and malicious use prohibited; this site may use cookies and collect identifying information. See terms. The Jeopardy! game show and all elements thereof, including but not limited to copyright and trademark thereto, are the property of Jeopardy Productions, Inc. and are protected under law. This website is not affiliated with, sponsored by, or operated by Jeopardy Productions, Inc. Join the discussion at JBoard.tv.